| 000 | 01725nam a2200253Ia 4500 | ||
|---|---|---|---|
| 008 | 260220t1999||||xx |||||||||||||| ||spa|| | ||
| 020 | _a8426712258 | ||
| 040 |
_aPY-SlUNAC _bspa _erda |
||
| 041 | _aspa | ||
| 082 |
_a001.64 _bG732c |
||
| 100 |
_aGradis, Michael _eAutor |
||
| 245 | 0 |
_aCorel photo paint 7 y 8 / _cpor Michael Gradis [Autor] |
|
| 264 |
_aBarcelona : _bMarcombo, _c℗1999. |
||
| 300 | _a192 páginas | ||
| 520 | _aEl libro de Michael Gradis, "Corel Photo Paint 7 y 8", es una guía integral que explora las funcionalidades y herramientas de las versiones 7 y 8 del popular software de edición gráfica. A lo largo de sus capítulos, Gradis proporciona un enfoque práctico y detallado sobre cómo utilizar las diversas herramientas de Corel Photo Paint para la creación y manipulación de imágenes digitales. El autor aborda temas esenciales como la gestión de colores, la aplicación de efectos especiales, y la edición de fotografías, facilitando así el aprendizaje tanto para principiantes como para usuarios avanzados. Además, el texto incluye ejemplos ilustrativos y tutoriales que permiten a los lectores seguir paso a paso cada proceso. La obra se destaca por su claridad y accesibilidad, convirtiéndose en un recurso valioso para diseñadores gráficos, fotógrafos y entusiastas de la edición digital. En su conjunto, el libro no solo enseña técnicas prácticas, sino que también inspira la creatividad en el uso del software. | ||
| 653 | _aDiseño gráfico | ||
| 653 | _aFotografía | ||
| 653 | _aSoftware | ||
| 942 |
_b2026/02/17 _cBK |
||
| 999 |
_c6669 _d6669 |
||